000 002850000a22000970004500
100 1 _aGesteira Garza, Manuel
245 1 0 _aJesús el Kyrios : Los inicios de una teología de la trinidad
300 _avol. 57, núm 1 (1999), Páginas 331-359
773 0 _tEstudios Bíblicos
942 _cANA
999 _c50292
_d50292